| 000 | 00650nam a2200205Ia 4500 | ||
|---|---|---|---|
| 003 | OSt | ||
| 005 | 20250711142812.0 | ||
| 008 | 210210b1993 xxu||||| |||| 00| 0 eng d | ||
| 040 | _cAL | ||
| 041 | _aKannada | ||
| 082 | _aK894.301 KRAS | ||
| 100 |
_aKRASHNAMURTI CHANDAR. _dಕೃಷ್ಣಮೂರ್ತಿ ಚಂದ್ರ _9218300 |
||
| 245 |
_aSambhandhagalu mattu itara kategalu. _bಸಂಬಂಧಗಳು ಮತ್ತು ಇತರ ಕಥೆಗಳು |
||
| 260 |
_aDharavada _bManohara Granthamala _c1993 |
||
| 300 | _axii,116 | ||
| 650 |
_aSanna kategalu _9218301 |
||
| 690 |
_aKannada Fiction _9218302 |
||
| 906 | _a049266 | ||
| 942 |
_2ddc _cBK |
||
| 999 |
_c98134 _d98134 |
||